Pop culture en images - F - Statistiques

Statistiques générales
  • Ce quiz a été pris 474 fois
  • Le résultat moyen est 10 sur 16
Statistiques - réponses
Par images Réponse % Correct
Fiona
99%
Flash
97%
Foot 2 rue
94%
Flappy bird
82%
Ferb Fletcher
75%
Frodon Saquet
75%
Freezer
74%
Fall Guys
69%
Freddy Krueger
68%
Fleur Delacour
63%
Franky
59%
Fourmiz
54%
Franklin
53%
Fern
16%
Fernando
6%
Futaro
3%
Aucun quiz correspondant
Distribution des résultats
% des personnes avec chaque résultat
Percentile par nombre de réponses
Votre historique - résultats
Vous n’avez pas pris ce quiz